| 000 | 00467nam a2200169Ia 4500 | ||
|---|---|---|---|
| 008 | 220531s9999 xx 000 0 und d | ||
| 041 | _amar | ||
| 100 |
_aचिपळूणकर वि.वि. _965124 |
||
| 245 | _aगीतेतील जीवनसंस्कार | ||
| 250 | _a1 | ||
| 260 |
_aPune _bSanskrut Gitayan Kendra _c2007 |
||
| 300 | _a64 | ||
| 542 | _d23-02-2012 | ||
| 650 |
_aGeneral _965125 |
||
| 906 | _d2011-2012 | ||
| 999 |
_c36905 _d36905 |
||